Loading...

ശിഖര സൂര്യൻ

Bibliographic Details
Main Author: കമ്പാർ, ചന്ദ്രശേഖര
Other Authors: Kambar, Chandrasekara
Format: Printed Book
Published: Kozhikode Mathrubhoomi 2015
Subjects:
LEADER 00576nam a22001577a 4500
020 |a 9788182665491 
082 |a M894.814 3   |b KAM/S 
100 |a കമ്പാർ, ചന്ദ്രശേഖര  
245 |a ശിഖര സൂര്യൻ  
260 |a Kozhikode  |b Mathrubhoomi  |c 2015 
300 |a 526p. 
650 |a Shigira sooryan 
700 |a Kambar, Chandrasekara 
942 |c BK 
999 |c 43700  |d 43700 
952 |0 0  |1 0  |4 0  |6 M_894_814000000000000_3_KAMS  |7 0  |8 Stack  |9 47667  |a KUCL  |b KUCL  |c Stack  |d 2017-06-16  |g 425.00  |l 2  |m 1  |o M894.814 3 KAM/S  |p 44616  |r 2018-06-26  |s 2018-05-28  |w 2017-06-16  |y BK